000
00276nam a2200121Ia 4500
008
190216s9999||||xx |||||||||||||| ||und||
100
_a
Rudin Walter
245
0
_a
Functional Analysis
260
_b
Mcgraw -hill
_c
1973
300
_a
397p
650
_a
Mathematics
942
_c
BK
999
_c
30647
_d
30647